000 00550cam a2200217 4500
001 J512
008 090401t1990 xxu||||| |||| 00| 0 eng d
035 _a(Sirsi) u75374
041 _aeng
050 _a526.90954
110 _aSurvey of India
_92931
245 _aSouvenir (of the) Everest bi-centenary celebration, 4-5 October 1990.
260 _bSurvey of India
_c1990
300 _a(148)p. : ill. ; 30cm.
350 _a0
650 _aINDIA
650 _aLAND SURVEYING
690 _aLAND SURVEYING
942 _n0
948 _c04/03/1997
999 _c96002
_d96002